000 00691nam a2200193 4500
001 126849
003 ES-MaACL
005 20230906192908.0
007 t|
008 070214s1955 sp r ||||1| spa d
100 1 _aRibbentrop, Joachim von.
_996741
245 1 0 _aEntre Londres y Moscú
_b: recuerdos y últimos escritos /
_cJoachim von Ribbentrop ; publicados por Annelies von Ribbentrop ; [traducido del alemán por Rafael Gómez Paredes].
250 _a1ª ed.
260 _aBarcelona :
_bdestino,
_c1955.
300 _a284 p., 10 lám. ;
_c22 cm.
700 1 _aRibbentrop, Annelies von.
_996740
700 1 _aGómez Paredes, Rafael.
_958100
852 _aES-MaACL
_jC-10341
_bR.38139
999 _c126849
_d126849